000 00855cam a22002651i 4500
001 14147
003 BD-RjUL
005 20211208235559.0
008 140205s1950 nyuabde b 001 0 eng c
035 _a(BD-RjUL)14199
035 _a(OCoLC)2147531
040 _aU.S. Dept. of Agr. Libr.
_cOClW
_dDLC
_beng
041 _aeng
082 _a634.98
_bPAF 1950
100 1 _aPanshin, A. J.
_q(Alexis John),
_d1901-
_944188
245 1 0 _aForest products:
_btheir sources, production and utilization /
_cby A. J. Panshin... [et.al]
260 _aNew York :
_bMcGraw-Hill,
_c1950.
300 _aix, 549 p. :
_bill. ;
_c24 cm.
490 0 _aThe American forestry series
504 _aIncludes index
650 0 _aForest products industry
_zUnited States.
_944189
650 0 _aForest products
_zUnited States.
_944190
942 _2ddc
_cBK
999 _c14147
_d14147